| 000 | 01223nam a22003377a 4500 | ||
|---|---|---|---|
| 003 | CHAP | ||
| 005 | 20220329140907.0 | ||
| 008 | 971013s1976 r 00010 d | ||
| 010 | _a59427 | ||
| 011 | _a60399 | ||
| 035 | _a64561 | ||
| 040 | _cCHAP | ||
| 090 | _aTesis | ||
| 100 | 0 | 0 |
_aLlaguno Almanza, Guillermo. _967227 |
| 245 | _aEstudio sobre utilización de leche preparada a base de harina de soya (Glycine max L.) y una leche comercial en diferentes proporciones para alimentación de cabritos | ||
| 260 |
_a(Monterrey, N.L) : _bEl autor, _c1976 |
||
| 300 |
_a43 h. _b; gráfs. |
||
| 502 | _aTesis (Ing. Agrónomo Administrador) -- ITESM. Div. de Ciencias Agropecuarias y Marítimas | ||
| 590 |
_aALEPH _b10 _c20130110 _lUCH01 _h1337 |
||
| 590 |
_aBATCH-UPD _b10 _c20130110 _lUCH01 _h0704 |
||
| 590 |
_aBATCH-UPD _b10 _c20130410 _lUCH01 _h0349 |
||
| 590 |
_aBATCH-UPD _b10 _c20130914 _lUCH01 _h1507 |
||
| 590 |
_aCONVERSION _b10 _c20130109 _lUCH01 _h1332 |
||
| 650 | 1 | 4 |
_aGanado cabrío _xNutrición. _945030 |
| 650 | 1 | 4 |
_aLeche de soya. _965433 |
| 650 | 1 | 4 |
_aLeche en nutrición animal. _965438 |
| 650 | 1 | 4 |
_aLeche _xSustitutos. _965413 |
| 901 | _aBK | ||
| 942 | _cTESIS | ||
| 949 |
_bBC _cTES _d-140997 _eTS1 _i64561 _si |
||
| 999 |
_c59427 _d59427 |
||